000
00291nam a22001337a 4500
008
170907b xxu||||| |||| 00| 0 eng d
020
_a
9780312452957
041
_a
eng
080
_a
91
100
_a
42
101
_a
GEO
245
_a
THE MAKING OF THE WEST
_c
HUNT/L
942
_2
udc
_c
BK
999
_c
26618
_d
26618